KOHA-Header-6

Programming With C++ (Record no. 8687)

000 -LEADER
fixed length control field 00250nam a2200109Ia 4500
100 ## - MAIN ENTRY--AUTHOR NAME
Personal name Hubbard,Jhon
245 #0 - TITLE STATEMENT
Title Programming With C++
260 ## - PUBLICATION, DISTRIBUTION, ETC. (IMPRINT)
Place of publication London
Name of publisher Addision
Year of publication 2003
300 ## - PHYSICAL DESCRIPTION
Number of Pages 347
942 ## - ADDED ENTRY ELEMENTS (KOHA)
Koha item type Books
Holdings
Withdrawn status Lost status Collection code Permanent Location Current Location Shelving location Date acquired Full call number Accession Number Koha item type
    Computer Languages MAJU MAJU Shelf No.A18 2019-09-14 658.45 3592 Computer Languages

Powered by Koha